ბათუმის შოთა რუსთაველის სახელმწიფო უნივერსიტეტის ბიბლიოთეკა

საკუთარი ტყავის გადასარჩენად (ბიბ.ჩანაწერი № 50108)

000 -LEADER
fixed length control field 01028nam a2200229Ia 4500
001 - CONTROL NUMBER
control field 17046
003 - CONTROL NUMBER IDENTIFIER
control field GE_BSU
008 - FIXED-LENGTH DATA ELEMENTS--GENERAL INFORMATION
fixed length control field 181216s||||||||xx |||||||||||||| ||und||
040 ## - CATALOGING SOURCE
Transcribing agency GE_BSU
080 ## - UNIVERSAL DECIMAL CLASSIFICATION NUMBER
Universal Decimal Classification number 821.161.1-4 + 94(47+57)"1941-1945"(093.3)
100 ## - MAIN ENTRY--PERSONAL NAME
Personal name მენშიკოვი, ვ.
245 ## - TITLE STATEMENT
Title საკუთარი ტყავის გადასარჩენად
245 ## - TITLE STATEMENT
Statement of responsibility, etc. დიდ სამამულო ომზე / ვ. მენშიკოვი, ვ. გაევსკი ; მთარგმნ.: ი. გოგილაშვილი, გ. ჩიქობავა
260 ## - PUBLICATION, DISTRIBUTION, ETC.
Place of publication, distribution, etc. თბილისი
260 ## - PUBLICATION, DISTRIBUTION, ETC.
Name of publisher, distributor, etc. საქ. კპ ცკ-ის გამ-ბა
260 ## - PUBLICATION, DISTRIBUTION, ETC.
Date of publication, distribution, etc. 1976
300 ## - PHYSICAL DESCRIPTION
Extent 230 გვ. ; 19 სმ.
653 ## - INDEX TERM--UNCONTROLLED
Uncontrolled term დოკ. მოთხრობა
653 ## - INDEX TERM--UNCONTROLLED
Uncontrolled term საკუთარი ტყავის გადასარჩენად
653 ## - INDEX TERM--UNCONTROLLED
Uncontrolled term სსრ კავშირის დიდი სამამულო ომი
942 ## - ADDED ENTRY ELEMENTS (KOHA)
Koha item type წიგნი
ეგზემპლარები
Withdrawn status Lost status Damaged status Not for loan Date acquired Barcode Date last seen Price effective from Koha item type
        2018-12-17 21392 2018-12-17 2018-12-17 წიგნი
        2018-12-17 21393 2018-12-17 2018-12-17 წიგნი
        2018-12-17 21394 2018-12-17 2018-12-17 წიგნი
        2018-12-17 21395 2018-12-17 2018-12-17 წიგნი
        2018-12-17 21396 2018-12-17 2018-12-17 წიგნი